000 00320nam a22001337a 4500
008 170529b xxu||||| |||| 00| 0 eng d
020 _a3540124969
041 _ager
080 _a62
100 _a25
101 _aIM
245 _aLECTURE NOTES IN CONTROL AND INFORMATION SCIENCES
_cBALAKRISHNAN,A.V
942 _2udc
_cBK
999 _c14741
_d14741